KPOP: iKON MV songs by release date - Statistics

General Stats
  • This quiz has been taken 151 times
    140 since last reset
  • The average score is 7 of 13
Answer Stats
Date Song % Correct
January 25, 2018 Love Scenario
96%
August 02, 2018 Killing Me
82%
May 22, 2017 BLING BLING
78%
September 30, 2015 Rhythm Ta
75%
September 14, 2015 My Type
62%
May 22, 2017 B-DAY
61%
January 07, 2019 I'M OK
58%
September 30, 2015 Airplane
48%
December 23, 2015 Dumb & Dumber
47%
November 15, 2015 Apology
42%
May 29, 2016 #WYD
27%
November 15, 2015 Anthem
24%
December 23, 2015 What's Wrong?
22%
No matching quizzes found
Score Distribution
Percent of People with Each Score
Percentile by Number Answered
Your Score History
You have not taken this quiz since the last reset